000
00226nam a22000977a 4500
999
_c
264409
_d
264408
020
_a
0439188741
100
_a
Mike Thaler
245
_a
The Custodian from the Black Lagoon
260
_a
New York
_b
Scholastic
_c
2001
942
_c
BK